000 00491nam a2200169Ia 4500
003 GCL
008 140319s9999 xx 000 0 ara d
040 _aGCL /
_cGCL
082 0 4 _a239
_bا ا
100 1 _aابوالحسن البصرى الماوردى
245 1 0 _aاعلام النبوة /
_cابوالحسن البصرى الماوردى
260 _a[S.N] :
_bمكتبة الاداب
300 _a270 ص
490 _a
650 0 4 _aالسيرة النبوية
942 _2ddc
_cBK
999 _c54315
_d54315